Chinna Katha: (Record no. 42458)

MARC details
000 -LEADER
fixed length control field 00790nam a22002417a 4500
005 - DATE AND TIME OF LATEST TRANSACTION
control field 20250116170649.0
010 ## - LCCN (DPL NO)
LC control number ENG-100841 ENG-143471
020 ## - INTERNATIONAL STANDARD BOOK NUMBER
International Standard Book Number 9788172087180 (V.2)
Terms of availability 149.00
020 ## - INTERNATIONAL STANDARD BOOK NUMBER
International Standard Book Number 9788172087821 (-1)
Terms of availability 101.00
035 ## - SYSTEM CONTROL NUMBER
System control number EN-84374
035 ## - SYSTEM CONTROL NUMBER
System control number EN-127003
037 ## - SOURCE OF ACQUISITION
Source of stock number/acquisition DBAD/PUB
082 ## - DEWEY DECIMAL CLASSIFICATION NUMBER
Classification number 230.3
245 ## - TITLE STATEMENT
Title Chinna Katha:
Remainder of title Stories and Parables/
260 ## - PUBLICATION, DISTRIBUTION, ETC. (IMPRINT)
Place of publication, distribution, etc Prasanthi Nilayam
Name of publisher, distributor, etc Sri Sathya Sai Sadhana Trust
Date of publication, distribution, etc 2009
270 ## - ADDRESS
Address Anantapur District
City Prasanthi Nilayam
Postal code 515134
300 ## - PHYSICAL DESCRIPTION
Extent V.2 (xi,353p.)
Dimensions 22cm (pb)
300 ## - PHYSICAL DESCRIPTION
Extent V.1 (219p.)
Dimensions 22cm (pb)
490 ## - SERIES STATEMENT
Volume number/sequential designation Vol 1, Vol 2
505 ## - FORMATTED CONTENTS NOTE
Formatted contents note <br/>Quoted from the divine discourses of Bhagvan Sri Sathya Sai Baba
650 ## - SUBJECT ADDED ENTRY--TOPICAL TERM
Topical term or geographic name as entry element Spiritual life- Hinduism
942 ## - ADDED ENTRY ELEMENTS (KOHA)
Source of classification or shelving scheme Dewey Decimal Classification
Item type English Books
Classification part 230.3
Call number suffix CHI
Holdings
Withdrawn status Lost status Materials specified (bound volume or other part) Not for loan Collection code Home library Current library Date acquired Source of acquisition Cost, normal purchase price Full call number Barcode Copy number Cost, replacement price Koha item type Public note
    V.2 Not For Loan Non-fiction D.B.Act.Division D.B.Act.Division 18/08/2010 DBAD/PUB 149.00 230.3 CHI EN-84374 1 149.00 English Books V.2
    VOL-1   Non-fiction Kadipur Kadipur 16/01/2025 Delivery of Books Act Division 110.00 230.3 CHI EN-127003 1 110.00 English Books  

© Delhi Public Library
Hit Counter
free hit counter